000 00708nam a2200229Ia 4500
005 20220706135103.0
008 210716s2010 xx 000 0 und d
020 _a9788125905370
040 _cAIMIT LIBRARY
041 _aeng
082 _a003.54
_21
_bKUMM
100 _aKumar, Muneesh.
_947244
245 _aBusiness information systems /
_cBy Muneesh Kumar.
250 _a1st ed.
260 _aNew Delhi :
_bVikas Publishing House Pvt Ltd ,
_c2010.
300 _axvi,384p. ;
_c24.5 cm.
650 _2Business information systems
650 _2Planning for it infrastructure
650 _2Planning for software resources
650 _2Planning for databases
942 _2ddc
_cBK
_e1
_k003.54 KUMM
999 _c191807
_d191807